| 000 | 00525nam a22001817a 4500 | ||
|---|---|---|---|
| 999 |
_c105830 _d105830 |
||
| 005 | 20230307145652.0 | ||
| 010 | _aENG-117060 | ||
| 020 |
_a9789386050526 _c299.00 |
||
| 035 | _aEN-100592 | ||
| 037 | _bDBAD/PUB | ||
| 082 | _aS | ||
| 100 | _aGhosh,Avijit | ||
| 245 |
_aUp campus,down campus : _bthe adventures of Anirban Roy in JNU/ _cby Avijit Ghosh |
||
| 260 |
_aNew Delhi _bSpeaking Tiger _c2016 |
||
| 270 |
_a4381/4 Ansari Road,Daryaganj _bNew Delhi _e110002 |
||
| 300 |
_a242p _c22cm(pbk) |
||
| 942 |
_2ddc _cEN _hS _mGHO |
||